Logo BPK

Biblioteka

Politechniki Koszalińskiej

Introduction to expert systems / (Rekord nr 36582)

Szczegóły MARC
000 -ETYKIETA REKORDU
podpole kontrolne o stałej długości 00568nam a2200217 i 4500
001 - NUMER KONTROLNY REKORDU
pole kontrolne bg
020 ## - MIĘDZYNARODOWY ZNORMALIZOWANY NUMER KSIĄŻKI - ISBN
ISBN 0201876868
040 ## - ŹRÓDŁO KATALOGOWANIA
Instytucja, która utworzyła rekord BPK
041 0# - KOD JĘZYKA
Kod języka tekstu en
080 ## - UNIWERSALNA KLASYFIKACJA DZIESIĘTNA - UKD
UKD 004.891
920 ## - Międzynarodowy znormalizowany numer książki – ISBN
ISBN 0-201-87686-8
008 - POLE O STAŁEJ DŁUGOŚCI - DANE KONTROLNE
podpole kontrolne o stałej długości s pl f |000 0 pol
100 1# - NAZWA OSOBOWA
Nazwa osobowa JACKSON, Peter
245 10 - TYTUŁ/ODPOWIEDZIALNOŚĆ
Tytuł Introduction to expert systems /
Pozostałe elementy strefy tytułu i oznaczenia odpowiedzialności Peter Jackson.
250 ## - STREFA WYDANIA
Oznaczenie wydania 3rd ed.
260 ## - STREFA ADRESU WYDAWNICZEGO
Miejsce wydania Harlow [etc.] :
Nazwa wydawcy/dystrybutora Addison-Wesley,
Data publikacji, dystrybucji/powstania dokumentu 1999.
300 ## - STREFA OPISU FIZYCZNEGO
Objętość XVII, 542 s. :
Inne cechy fizyczne rys. ;
Rozmiary 24 cm.
504 ## - UWAGA DOTYCZĄCA BIBLIOGRAFII
Informacje o bibliografii Bibliogr. przy rozdz. - Indeks.
650 #9 - HASŁO PRZEDMIOTOWE W FORMIE NAZWY OGÓLNEJ LUB JEDNOSTKOWEJ
Nazwa ogólna lub geograficzna Systemy ekspertowe
856 ## - LOKALIZACJA I DOSTĘP DO ELEKTRONICZNYCH DOKUMENTÓW ZDALNYCH
Link (URL) http://koha.tu.koszalin.pl/cgi-bin/koha/opac-detail.pl?biblionumber=36582
Tekst linku Katalog online BPK
942 ## - DODATKOWE ELEMENTY (KOHA)
Typ dokumentu Książka
Egzemplarze
Wycofany Status egzemplarza Uszkodzony Dostępność Lokalizacja stała Lokalizacja bieżąca Miejsce przechowywania Sygnatura Kod kreskowy Typ dokumentu
      Dostępny Biblioteka Politechniki Koszalińskiej Biblioteka Politechniki Koszalińskiej Wypożyczalnia BG 51229 01469486 Książka
© 2023 Biblioteka Politechniki Koszalińskiej :: KOHA